00691nam a2200205Ia 4500008004100000020001800041082001500059100001900074245004900093250000800142260002900150300001500179500002400194650001500218700002000233942000700253952010400260952010400364999001700468230524s9999 xx 000 0 und d a9788131503744 a333.6bREI aFrank K.Reilly 0aInvestment Analysis And Portfolio Management a8TH aNEW DELHIbCengagec2009 aXXVII;1147 aQuantity Number: 2 aManagement a Keith C. Brown cBK 00104070aTATCLbTATCLcGENd2023-05-24l0o333.6 REIp30619r2023-05-24w2023-05-24yBKzMBA3102 00104070aTATCLbTATCLcGENd2023-05-24l0o333.6 REIp30620r2023-05-24w2023-05-24yBKzMBA3102 c43039d43039